| 000 | 00784nam a2200229Ia 4500 | ||
|---|---|---|---|
| 008 | 0000001997 ve ad 0000000000spa00 | ||
| 020 | _a9803340786 | ||
| 090 | _aPSP00 V14m1 | ||
| 100 | 1 |
_aValdés, Manolo _d1942 |
|
| 245 | 1 | 0 |
_aManolo Valdés _c/ fotografías Leo Davenport |
| 300 |
_a56 p. _c/ 28 cm. |
||
| 500 | _aExposición realizada en la Galería Freites, Caracas, Abril, 1997 \ Registro auspiciado por la FGAA. Bogotá | ||
| 600 | 0 | 0 |
_aVALDES, MANOLO, 1942/ _xTRABAJOS PICTORICOS |
| 650 | 1 | 4 | _aARTE CONTEMPORANEO ESPAÑOL |
| 650 | 1 | 4 | _xCATALOGOS |
| 650 | 1 | 4 | _aESCULTURA ESPAÑOLA |
| 650 | 1 | 4 | _xEXPOSICIONES |
| 650 | 1 | 4 | _aPINTORES ESPAÑOLES |
| 650 | 1 | 4 | _aPINTURA ESPAÑOLA |
| 700 | 1 | _aDavenport, Leo | |
| 999 |
_c9439 _d9439 |
||
| 260 |
_aCaracas : Galería Freites _c1997 |
||